|
|
|
|
| LEADER |
01010nam a2200373 4500 |
| 001 |
DLU030025762 |
| 003 |
##DLU |
| 005 |
##20021230 |
| 008 |
##021230t vn z000 vie d |
| 040 |
# |
# |
|a DLU
|b vie
|
| 041 |
# |
# |
|a vie
|
| 044 |
# |
# |
|a vn
|
| 082 |
# |
# |
|a 536
|b HA-D
|
| 100 |
# |
# |
|a Halliday, David
|
| 245 |
# |
# |
|a Cơ sở vật lí.
|n t.III,
|p nhiệt học /
|c David Halliday, Robert Resnick, Jearl Walker; Nguyễn Viết Kính dịch.
|
| 250 |
# |
# |
|a Tái bản lần thứ tư.
|
| 260 |
# |
# |
|a H. :
|b Giáo dục,
|c 2003.
|
| 300 |
# |
# |
|a 193 tr. :
|b minh hoạ;
|c 27 cm.
|
| 653 |
# |
# |
|a Giáo trình
|
| 653 |
# |
# |
|a Nhiệt học
|
| 653 |
# |
# |
|a Vật lý đại cương
|
| 700 |
# |
# |
|a Nguyễn Viết Kính,
|e dịch.
|
| 700 |
# |
# |
|a Resnick, Robert.
|
| 700 |
# |
# |
|a Walker, Jearl.
|
| 990 |
# |
# |
|a t.III
|
| 992 |
# |
# |
|a 20600
|
| 994 |
# |
# |
|a DLU
|
| 900 |
# |
# |
|a True
|
| 911 |
# |
# |
|a Thái Thị Thanh Thủy
|
| 925 |
# |
# |
|a G
|
| 926 |
# |
# |
|a A
|
| 927 |
# |
# |
|a SH
|
| 980 |
# |
# |
|a Thư viện Trường Đại học Đà Lạt
|